MARC

Tag First Indicator Second Indicator Subfields
LEADER 00000cas a2200000 a 4500
001 in00000078669
005 20151008053902.0
008 820223d19uu2002txumr p s s0 0eng d
035 |a (OCoLC)08182604 
035 |9 AAH8958AM 
040 |a TXA  |c TXA  |d OCL  |d UtOrBLW 
043 |a n-us-tx 
049 |a TXAM 
090 |a T178  |b .T4 
110 2 |a Texas Engineering Experiment Station. 
245 1 0 |a Research statistics /  |c Texas Engineering Experiment Station and Texas Transportation Institute. 
246 1 |i Issues for <Oct. 1982-Sept. 1986> have title:  |a TEES research statistics 
264 1 |a [College Station, Tex.] :  |b Texas Engineering Experiment Station and Texas Transportation Institute. 
300 |a volumes :  |b illustrations ;  |c 28 cm. 
310 |a Monthly 
336 |a text  |b txt  |2 rdacontent 
337 |a unmediated  |b n  |2 rdamedia 
338 |a volume  |b nc  |2 rdacarrier 
362 0 |a -Aug. 2002. 
500 |a Description based on: Nov. 30, 1967; title from cover. 
650 0 |a Engineering  |x Research  |z Texas  |v Statistics  |v Periodicals. 
650 0 |a Transportation  |x Research  |z Texas  |v Statistics  |v Periodicals. 
710 2 |a Texas Transportation Institute. 
785 0 0 |a Texas Engineering Experiment Station.  |t Research statistics awards 
994 |a E0  |b TXA 
999 |a MARS 
999 f f |s 663b2765-c2d7-32df-b8b1-6717f169af9d  |i e88a8da6-6454-3099-8d97-34e7b87518a8  |t 0 
952 f f |p serial  |a Texas A&M University  |b College Station  |c Sterling C. Evans Library  |d Evans: Library Stacks  |t 0  |e T178 .T4  |h Library of Congress classification  |i unmediated -- volume  |k 2001:July-Sept.  |m A14828595911 
952 f f |p serial  |a Texas A&M University  |b College Station  |c Sterling C. Evans Library  |d Evans: Library Stacks  |t 0  |e T178 .T4  |h Library of Congress classification  |i unmediated -- volume  |k 1999:Apr.-June  |m A14825375304 
952 f f |p serial  |a Texas A&M University  |b College Station  |c Sterling C. Evans Library  |d Evans: Library Stacks  |t 0  |e T178 .T4  |h Library of Congress classification  |i unmediated -- volume  |k 2000:July-Sept.  |m A14827370596 
952 f f |p serial  |a Texas A&M University  |b College Station  |c Sterling C. Evans Library  |d Evans: Library Stacks  |t 0  |e T178 .T4  |h Library of Congress classification  |i unmediated -- volume  |k 1996:Jan.-Mar.  |m A14821027242 
952 f f |p serial  |a Texas A&M University  |b College Station  |c Sterling C. Evans Library  |d Evans: Library Stacks  |t 0  |e T178 .T4  |h Library of Congress classification  |i unmediated -- volume  |k 1987:Feb.-Aug.,Oct.-Dec.  |m A14832169617 
952 f f |p serial  |a Texas A&M University  |b College Station  |c Sterling C. Evans Library  |d Evans: Library Stacks  |t 0  |e T178 .T4  |h Library of Congress classification  |i unmediated -- volume  |k 1986  |m A14812937155 
952 f f |p serial  |a Texas A&M University  |b College Station  |c Sterling C. Evans Library  |d Evans: Library Stacks  |t 0  |e T178 .T4  |h Library of Congress classification  |i unmediated -- volume  |k 1982:Oct.-Dec.  |m A14832023586 
952 f f |p serial  |a Texas A&M University  |b College Station  |c Sterling C. Evans Library  |d Evans: Library Stacks  |t 0  |e T178 .T4  |h Library of Congress classification  |i unmediated -- volume  |k 1999:Oct.-Dec.  |m A14826392414 
952 f f |p serial  |a Texas A&M University  |b College Station  |c Sterling C. Evans Library  |d Evans: Library Stacks  |t 0  |e T178 .T4  |h Library of Congress classification  |i unmediated -- volume  |k 1996:July-Sept.  |m A14821027349 
952 f f |p serial  |a Texas A&M University  |b College Station  |c Sterling C. Evans Library  |d Evans: Library Stacks  |t 0  |e T178 .T4  |h Library of Congress classification  |i unmediated -- volume  |k 1998:Oct.-Dec.  |m A14824945897 
952 f f |p serial  |a Texas A&M University  |b College Station  |c Sterling C. Evans Library  |d Evans: Library Stacks  |t 0  |e T178 .T4  |h Library of Congress classification  |i unmediated -- volume  |k 1967:Nov.  |m A14832023594 
952 f f |p serial  |a Texas A&M University  |b College Station  |c Sterling C. Evans Library  |d Evans: Library Stacks  |t 0  |e T178 .T4  |h Library of Congress classification  |i unmediated -- volume  |k 1994:Jan.-Mar.  |m A14819292475 
952 f f |p serial  |a Texas A&M University  |b College Station  |c Sterling C. Evans Library  |d Evans: Library Stacks  |t 0  |e T178 .T4  |h Library of Congress classification  |i unmediated -- volume  |k 2002:Apr.-June  |m A14830351789 
952 f f |p serial  |a Texas A&M University  |b College Station  |c Sterling C. Evans Library  |d Evans: Library Stacks  |t 0  |e T178 .T4  |h Library of Congress classification  |i unmediated -- volume  |k 1993:Jan.-June  |m A14818816365 
952 f f |p serial  |a Texas A&M University  |b College Station  |c Sterling C. Evans Library  |d Evans: Library Stacks  |t 0  |e T178 .T4  |h Library of Congress classification  |i unmediated -- volume  |k 1998:Apr.-June  |m A14823505830 
952 f f |p serial  |a Texas A&M University  |b College Station  |c Sterling C. Evans Library  |d Evans: Library Stacks  |t 0  |e T178 .T4  |h Library of Congress classification  |i unmediated -- volume  |k 1989  |m A14812867889 
952 f f |p serial  |a Texas A&M University  |b College Station  |c Sterling C. Evans Library  |d Evans: Library Stacks  |t 0  |e T178 .T4  |h Library of Congress classification  |i unmediated -- volume  |k 1984  |m A14832169528 
952 f f |p serial  |a Texas A&M University  |b College Station  |c Sterling C. Evans Library  |d Evans: Library Stacks  |t 0  |e T178 .T4  |h Library of Congress classification  |i unmediated -- volume  |k 2002:July-Sept.  |m A14830351747 
952 f f |p serial  |a Texas A&M University  |b College Station  |c Sterling C. Evans Library  |d Evans: Library Stacks  |t 0  |e T178 .T4  |h Library of Congress classification  |i unmediated -- volume  |k 1997:July-Sept.  |m A14823505987 
952 f f |p serial  |a Texas A&M University  |b College Station  |c Sterling C. Evans Library  |d Evans: Library Stacks  |t 0  |e T178 .T4  |h Library of Congress classification  |i unmediated -- volume  |k 1995:Apr.-June  |m A14820452826 
952 f f |p serial  |a Texas A&M University  |b College Station  |c Sterling C. Evans Library  |d Evans: Library Stacks  |t 0  |e T178 .T4  |h Library of Congress classification  |i unmediated -- volume  |k 1998:Jan.-Mar.  |m A14823505880 
952 f f |p serial  |a Texas A&M University  |b College Station  |c Sterling C. Evans Library  |d Evans: Library Stacks  |t 0  |e T178 .T4  |h Library of Congress classification  |i unmediated -- volume  |k 1997:Jan.-Mar.  |m A14823506080 
952 f f |p serial  |a Texas A&M University  |b College Station  |c Sterling C. Evans Library  |d Evans: Library Stacks  |t 0  |e T178 .T4  |h Library of Congress classification  |i unmediated -- volume  |k 1994:Oct.-Dec.  |m A14819304654 
952 f f |p serial  |a Texas A&M University  |b College Station  |c Sterling C. Evans Library  |d Evans: Library Stacks  |t 0  |e T178 .T4  |h Library of Congress classification  |i unmediated -- volume  |k 2001:Apr.-June  |m A14827370253 
952 f f |p serial  |a Texas A&M University  |b College Station  |c Sterling C. Evans Library  |d Evans: Library Stacks  |t 0  |e T178 .T4  |h Library of Congress classification  |i unmediated -- volume  |k 1996:Apr.-June  |m A14821027292 
952 f f |p serial  |a Texas A&M University  |b College Station  |c Sterling C. Evans Library  |d Evans: Library Stacks  |t 0  |e T178 .T4  |h Library of Congress classification  |i unmediated -- volume  |k 1999:July-Sept.  |m A14826392731 
952 f f |p serial  |a Texas A&M University  |b College Station  |c Sterling C. Evans Library  |d Evans: Library Stacks  |t 0  |e T178 .T4  |h Library of Congress classification  |i unmediated -- volume  |k 1988  |m A14811934340 
952 f f |p serial  |a Texas A&M University  |b College Station  |c Sterling C. Evans Library  |d Evans: Library Stacks  |t 0  |e T178 .T4  |h Library of Congress classification  |i unmediated -- volume  |k 1995:July-Sept.  |m A14820452185 
952 f f |p serial  |a Texas A&M University  |b College Station  |c Sterling C. Evans Library  |d Evans: Library Stacks  |t 0  |e T178 .T4  |h Library of Congress classification  |i unmediated -- volume  |l 2000:Apr.-June  |m A14827370334 
952 f f |p serial  |a Texas A&M University  |b College Station  |c Sterling C. Evans Library  |d Evans: Library Stacks  |t 0  |e T178 .T4  |h Library of Congress classification  |i unmediated -- volume  |k 2000:Oct.-Dec.  |m A14827370512 
952 f f |p serial  |a Texas A&M University  |b College Station  |c Sterling C. Evans Library  |d Evans: Library Stacks  |t 0  |e T178 .T4  |h Library of Congress classification  |i unmediated -- volume  |k 1999:Jan.-Mar.  |m A14824945902 
952 f f |p serial  |a Texas A&M University  |b College Station  |c Sterling C. Evans Library  |d Evans: Library Stacks  |t 0  |e T178 .T4  |h Library of Congress classification  |i unmediated -- volume  |k 1995:Oct.-Dec.  |m A14820452729 
952 f f |p serial  |a Texas A&M University  |b College Station  |c Sterling C. Evans Library  |d Evans: Library Stacks  |t 0  |e T178 .T4  |h Library of Congress classification  |i unmediated -- volume  |k 1985:Jan.-Feb.,Apr.-July,Oct.-Dec.  |m A14832169659 
952 f f |p serial  |a Texas A&M University  |b College Station  |c Sterling C. Evans Library  |d Evans: Library Stacks  |t 0  |e T178 .T4  |h Library of Congress classification  |i unmediated -- volume  |k 1995:Jan.-Mar.  |m A14820452779 
952 f f |p serial  |a Texas A&M University  |b College Station  |c Sterling C. Evans Library  |d Evans: Library Stacks  |t 0  |e T178 .T4  |h Library of Congress classification  |i unmediated -- volume  |k 1980:Jan.-Aug.  |m A14808130961 
952 f f |p serial  |a Texas A&M University  |b College Station  |c Sterling C. Evans Library  |d Evans: Library Stacks  |t 0  |e T178 .T4  |h Library of Congress classification  |i unmediated -- volume  |k 1993:July-Dec.  |m A14818820194 
952 f f |p serial  |a Texas A&M University  |b College Station  |c Sterling C. Evans Library  |d Evans: Library Stacks  |t 0  |e T178 .T4  |h Library of Congress classification  |i unmediated -- volume  |k 1991  |m A14816073539 
952 f f |p serial  |a Texas A&M University  |b College Station  |c Sterling C. Evans Library  |d Evans: Library Stacks  |t 0  |e T178 .T4  |h Library of Congress classification  |i unmediated -- volume  |k 1990  |m A14814367738 
952 f f |p serial  |a Texas A&M University  |b College Station  |c Sterling C. Evans Library  |d Evans: Library Stacks  |t 0  |e T178 .T4  |h Library of Congress classification  |i unmediated -- volume  |k 1992  |m A14817157077 
952 f f |p serial  |a Texas A&M University  |b College Station  |c Sterling C. Evans Library  |d Evans: Library Stacks  |t 0  |e T178 .T4  |h Library of Congress classification  |i unmediated -- volume  |k 1979  |m A14831684038 
952 f f |p serial  |a Texas A&M University  |b College Station  |c Sterling C. Evans Library  |d Evans: Library Stacks  |t 0  |e T178 .T4  |h Library of Congress classification  |i unmediated -- volume  |k 2000:Jan.-Feb.  |m A14827370295 
952 f f |p serial  |a Texas A&M University  |b College Station  |c Sterling C. Evans Library  |d Evans: Library Stacks  |t 0  |e T178 .T4  |h Library of Congress classification  |i unmediated -- volume  |k 1996:Oct.-Dec.  |m A14821027399 
952 f f |p serial  |a Texas A&M University  |b College Station  |c Sterling C. Evans Library  |d Evans: Library Stacks  |t 0  |e T178 .T4  |h Library of Congress classification  |i unmediated -- volume  |k 1994:Apr.-June  |m A14819304751 
952 f f |p serial  |a Texas A&M University  |b College Station  |c Sterling C. Evans Library  |d Evans: Library Stacks  |t 0  |e T178 .T4  |h Library of Congress classification  |i unmediated -- volume  |k 2002:Jan.-Mar.  |m A14830351705 
952 f f |p serial  |a Texas A&M University  |b College Station  |c Sterling C. Evans Library  |d Evans: Library Stacks  |t 0  |e T178 .T4  |h Library of Congress classification  |i unmediated -- volume  |k 1997:Oct.-Dec.  |m A14823505937 
952 f f |p serial  |a Texas A&M University  |b College Station  |c Sterling C. Evans Library  |d Evans: Library Stacks  |t 0  |e T178 .T4  |h Library of Congress classification  |i unmediated -- volume  |k 1997:Apr.-June  |m A14823506030 
952 f f |p serial  |a Texas A&M University  |b College Station  |c Sterling C. Evans Library  |d Evans: Library Stacks  |t 0  |e T178 .T4  |h Library of Congress classification  |i unmediated -- volume  |k 1998:July-Sept.  |m A14824946021 
952 f f |p serial  |a Texas A&M University  |b College Station  |c Sterling C. Evans Library  |d Evans: Library Stacks  |t 0  |e T178 .T4  |h Library of Congress classification  |i unmediated -- volume  |k 2001:Oct.-Dec.  |m A14828595872 
952 f f |p serial  |a Texas A&M University  |b College Station  |c Sterling C. Evans Library  |d Evans: Library Stacks  |t 0  |e T178 .T4  |h Library of Congress classification  |i unmediated -- volume  |k 1994:July-Sept.  |m A14819304701 
952 f f |p serial  |a Texas A&M University  |b College Station  |c Sterling C. Evans Library  |d Evans: Library Stacks  |t 0  |e T178 .T4  |h Library of Congress classification  |i unmediated -- volume  |k 2001:Jan.-Mar.  |m A14827370554 
952 f f |p serial  |a Texas A&M University  |b College Station  |c Sterling C. Evans Library  |d Evans: Library Stacks  |t 0  |e T178 .T4  |h Library of Congress classification  |i unmediated -- volume  |k 1983  |m A14831684567 
998 f f |a T178 .T4  |s 2002:Jan.-Aug.  |t 0  |l Evans: Library Stacks